000 00459nam a2200169Ia 4500
003 0100
005 20220517085236.0
008 130303s9999 xx 000 0 und d
040 _cARRUPELIB
050 _aE443.G46 1975
100 _aGenovese, Eugene D
_951593
245 _aRoll, Jordan, Roll
_bThe World the Slaves made
_cEugene D. Genovese
260 _aNew York
_bVintage books
_c1976
300 _a823p. ;
300 _b 22cm
942 _2lcc
_cMONOGRAPH
999 _c60388
_d60388